Effectiveness of organic and chemical fertilizer on soybean growing at royal university of agriculture ប្រសិទ្ធភាពជីសរីរាង្គ និងជីគីមីទៅលើការដាំដុះដំណាំសណ្តែកសៀង ក្នុងលក្ខខណ្ឌសាកលវិទ្យាល័យភូមិន្ទកសិកម្ម (Record no. 807)

000 -LEADER
fixed length control field 00750nam a22001577a 4500
003 - CONTROL NUMBER IDENTIFIER
control field OSt
005 - DATE AND TIME OF LATEST TRANSACTION
control field 20150919102333.0
008 - FIXED-LENGTH DATA ELEMENTS--GENERAL INFORMATION
fixed length control field 150919b xxu||||| |||| 00| 0 eng d
040 ## - CATALOGING SOURCE
Transcribing agency RUA
082 ## - DEWEY DECIMAL CLASSIFICATION NUMBER
Classification number AGR MEY 2006 B034 Or.1
100 ## - MAIN ENTRY--PERSONAL NAME
9 (RLIN) 836
Personal name MEY, POLIN.
245 ## - TITLE STATEMENT
Title Effectiveness of organic and chemical fertilizer on soybean growing at royal university of agriculture ប្រសិទ្ធភាពជីសរីរាង្គ និងជីគីមីទៅលើការដាំដុះដំណាំសណ្តែកសៀង ក្នុងលក្ខខណ្ឌសាកលវិទ្យាល័យភូមិន្ទកសិកម្ម
260 ## - PUBLICATION, DISTRIBUTION, ETC. (IMPRINT)
Place of publication, distribution, etc. Phnom Penh
Name of publisher, distributor, etc. RUA
Date of publication, distribution, etc. 2006
300 ## - PHYSICAL DESCRIPTION
Extent 52p.
Other physical details ill.
Dimensions 29cm
942 ## - ADDED ENTRY ELEMENTS (KOHA)
Source of classification or shelving scheme
Koha item type AGR
Holdings
Price effective from Date last seen Permanent Location Not for loan Date acquired Source of classification or shelving scheme Koha item type Lost status Withdrawn status Date last checked out Total Checkouts Damaged status Barcode Current Location Checked out Full call number
2015-09-192017-02-21Library Block B 2015-09-19 AGR  2017-02-212 RUA008007Library Block B2017-03-29AGR MEY 2006 B034 Or.1
មជ្ឈមណ្ឌលឯការនៃសាកលវិទ្យាល័យភូមិន្ទកសិកម្មចំការដូង

Powered by Koha